| 000 | 00990nam a2200289Ia 4500 | ||
|---|---|---|---|
| 001 | Para_1317 | ||
| 003 | CHAP | ||
| 008 | 220125s1998 xx 000 0 und d | ||
| 010 | _a200025 | ||
| 040 | _cCHAP | ||
| 090 | _aPA TESIS 1258 | ||
| 100 |
_aSánchez Rodríguez, Heriberto _9107799 |
||
| 245 |
_aRespuesta de la germinación y desarrollo inicial de cuatro cultivos a extractos acuosos de Lopezia racemosa Cav. y Hordeum vulgare L. / _c por Heriberto Sánchez Rodríguez |
||
| 260 |
_aChapingo, Méx. : _b El autor |
||
| 300 | _a44 h. | ||
| 502 | _aTesis (Ing. Agr. Esp. en Parasitología Agrícola), UACh. Depto. Parasitología | ||
| 650 |
_aAlelopatia _93761 |
||
| 650 |
_aPlantas _x competencia _988798 |
||
| 710 |
_aUACh. Departamento de Parasitología Agrícola _9115877 |
||
| 901 | _aPA TESIS 1258 | ||
| 902 | _aA | ||
| 905 | _a0000001998 0000000000 00 | ||
| 910 | _a1998 | ||
| 942 | _cPARA | ||
| 942 |
_cPARA _d1 |
||
| 999 |
_c200025 _d200025 |
||